| 000 | 00901nam a22002777a 4500 | ||
|---|---|---|---|
| 003 | EG-ScBUE | ||
| 005 | 20220201114449.0 | ||
| 008 | 220201s2022 ua f 000 j ara d | ||
| 017 | _a2021/2880 | ||
| 020 | _a9789770937396 | ||
| 040 |
_aEG-ScBUE _bara _erda _cEG-ScBUE _dEG-ScBUE |
||
| 082 | 0 | 4 |
_222 _a892.736 _bط هـ م |
| 100 | 1 |
_aطه، محمد، _eمؤلف. |
|
| 245 | 1 | 2 |
_aالخروج عن النص من جديد / _cد. محمد طه. |
| 250 | _aالطبعة الأولى. | ||
| 264 | 1 |
_aالقاهرة : _bدار الشروق، _c2022. |
|
| 300 |
_a237 صفحة ؛ _c24 سم |
||
| 336 |
_2rdacontent _aنص _btxt |
||
| 337 |
_2rdamedia _aبدون وسيط _bn |
||
| 338 |
_2rdacarrier _aمجلد _bnc |
||
| 541 | _aBook Fair 2022. | ||
| 650 | 7 |
_aالقصص العربية القصيرة _zمصر _yقرن 21. _2BUEsh |
|
| 653 | _bARALIT | ||
| 655 |
_vReading book _934232 |
||
| 942 | _2ddc | ||
| 999 |
_c29766 _d29737 |
||